Manual de biblioteconomía / (Record no. 83177)

MARC details
000 -LEADER
campo de control de longitud fija 00831nam a2200253 i 4500
001 - NÚMERO DE CONTROL
campo de control 83177
003 - IDENTIFICADOR DE NÚMERO DE CONTROL
campo de control ES-MaACL
005 - FECHA Y HORA DE LA ÚLTIMA TRANSACCIÓN
campo de control 20250729015732.0
007 - CAMPO FIJO DE DESCRIPCIÓN FÍSICA--INFORMACIÓN GENERAL
campo de control de longitud fija t|
008 - DATOS DE LONGITUD FIJA--INFORMACIÓN GENERAL
campo de control de longitud fija 041115s1998 sp ||||1| spa d
080 ## - NÚMERO DE LA CLASIFICACIÓN DECIMAL UNIVERSAL
Número de la Clasificación Decimal Universal 02
245 00 - MENCIÓN DEL TÍTULO
Título Manual de biblioteconomía /
Mención de responsabilidad, etc. Luisa Orera Orera (editora).
250 ## - MENCION DE EDICION
Mención de edición 2ª reimp.
260 ## - PUBLICACIÓN, DISTRIBUCIÓN, ETC.
Lugar de publicación, distribución, etc. Madrid :
Nombre del editor, distribuidor, etc. Síntesis,
Fecha de publicación, distribución, etc. 1998.
300 ## - DESCRIPCIÓN FÍSICA
Extensión 509 p. ;
Dimensiones 23 cm.
490 1# - MENCIÓN DE SERIE
Mención de serie Ciencias de la información. Biblioteconomía y documentación ;
Designación de volumen o secuencia 12
650 07 - PUNTO DE ACCESO ADICIONAL DE MATERIA--TÉRMINO DE MATERIA
Término de materia o nombre geográfico como elemento de entrada Biblioteconomía
Fuente del encabezamiento o término embne
9 (RLIN) 10554
700 1# - ENTRADA AGREGADA--NOMBRE PERSONAL
Nombre de persona Orera Orera, Luisa.
9 (RLIN) 149618
830 0# - PUNTO DE ACCESO ADICIONAL DE SERIE-TÍTULO UNIFORME
Título uniforme Ciencias de la información. Biblioteconomía y documentación ;
Designación de volumen o secuencia 12
9 (RLIN) 183792
852 ## - LOCALIZACIÓN
Ubicación ES-MaACL
Número de control de estantería L-2169 ;
852 ## - LOCALIZACIÓN
Ubicación ES-MaACL
Número de control de estantería A-15067
itemnumber 86240
Sublocalización o colección 125726
Ubicación en estantería Depósito 1
Signatura antigua Olim: 02 man
942 ## - ELEMENTOS DE ENTRADA SECUNDARIOS (KOHA)
Fuente del sistema de clasificación o colocación Clasificación decimal universal
Holdings
Estatus retirado Estado de pérdida Fuente del sistema de clasificación o colocación Estado de daño No para préstamo Colección Biblioteca de origen Biblioteca actual Ubicación en estantería Fecha de adquisición Fuente de adquisición Total de préstamos Signatura topográfica completa Código de barras Visto por última vez Precio de reemplazo Tipo de ítem Koha
    Clasificación decimal universal     Biblioteca profesional Biblioteca del Ateneo de Madrid Biblioteca del Ateneo de Madrid Depósito 1 04/10/2022 Compra   A-15067 1204053 23/02/2023 23/02/2023 Libro impreso
    Clasificación decimal universal     Biblioteca profesional Biblioteca del Ateneo de Madrid Biblioteca del Ateneo de Madrid Depósito 2 17/01/2008     L-2169 1086931 23/02/2023 23/02/2023 Libro impreso